Tiếng Trung Quốc trong thể thao /

Zapisane w:
Opis bibliograficzny
1. autor: Lý,Thục Uyên
Format: Książka
Wydane: HCM : Tổng hợp. 2008
Hasła przedmiotowe:
Etykiety: Dodaj etykietę
Nie ma etykietki, Dołącz pierwszą etykiete!
Thư viện lưu trữ: Mạng thư viện Đại học Đà Nẵng
LEADER 00917nam a22002651a 4500
001 000037054
003 13349
005 20211019100852.0
008 160412s2008 000
020 |c 94000 
082 |a 495.18  |b LY-U 
100 |a Lý,Thục Uyên 
245 0 |a Tiếng Trung Quốc trong thể thao /  |c Lý Thục Uyên. 
260 |c 2008  |a HCM :  |b Tổng hợp. 
300 |a 313tr. : ;  |c 20cm. 
653 |a Tiếng Trung Quốc  |a Tiếng Trung Quốc trong thể thao 
OWN |a LNN 
AVA |a UDN50  |b LNN  |c Chinese  |d 495.18 LY-U  |e available  |t Error 5001 Not defined in file expand_doc_bib_avail.  |f 1  |g 0  |h N  |i 0  |j TN 
999 |a From the UDN01 
AVA |a UDN50  |b LNN  |c Chinese  |d 495.18 LY-U  |e available  |t Error 5001 Not defined in file expand_doc_bib_avail.  |f 1  |g 0  |h N  |i 0  |j TN 
TYP |a Monograph 
980 |a Mạng thư viện Đại học Đà Nẵng